000 00785nam a22002657a 4500
003 UA-OsUOA
001 87129
007 ta
008 20120914b un ||||| |||| 00| 0 ukr d
100 _aХинкулов Л. Ф.
090 _a82.09
_bХ47
942 _cBK
040 _aUA-OsUOA
_brus
_cUA-OsUOA
_dUA-OsUOA
245 _aЗолотые ворота Киева
_bочерки
300 _a181 с.
955 _a4
041 _arus
080 _a82.09
020 _a5-333-00017-4
591 _aЖулинський М. Г.
260 _aК.
_bРадянський письменник
_c1988
246 3 1 _aНовое о русских писателях в Киеве
_n
650 7 _a82 Література. Літературознавство
_2UDC
999 _c373421
_d373421